| Tag |
First Indicator |
Second Indicator |
Subfields |
| LEADER |
00000cam a2200000 a 4500 |
| 001 |
in00001136833 |
| 005 |
20150930084506.0 |
| 008 |
930713s1987 onc 000 0 eng d |
| 035 |
|
|
|a (OCoLC)28441428
|
| 035 |
|
|
|9 AFX7308AM
|
| 040 |
|
|
|a TXA
|c TXA
|d UtOrBLW
|
| 049 |
|
|
|a TXAM
|
| 090 |
|
|
|a PS3523.O833
|b Z45 1987
|
| 100 |
1 |
|
|a Bell, Joseph.
|
| 245 |
1 |
0 |
|a Howard Phillips Lovecraft, the books (4), 1915-1986 /
|c compiled and edited by Joseph Bell.
|
| 250 |
|
|
|a 2nd ed.
|
| 264 |
|
1 |
|a Toronto, Ont. :
|b Soft Books,
|c 1987.
|
| 300 |
|
|
|a v, 63 pages ;
|c 29 cm.
|
| 336 |
|
|
|a text
|b txt
|2 rdacontent
|
| 337 |
|
|
|a unmediated
|b n
|2 rdamedia
|
| 338 |
|
|
|a volume
|b nc
|2 rdacarrier
|
| 500 |
|
|
|a "First edition 100 numbered and 25 lettered, August 1986"--Colophon.
|
| 500 |
|
|
|a "Second edition, February 1987"--Colophon.
|
| 500 |
|
|
|a Sec. edition statement stamped underneath first one.
|
| 600 |
1 |
0 |
|a Lovecraft, H. P.
|q (Howard Phillips),
|d 1890-1937
|x Bibliography.
|
| 999 |
|
|
|a MARS
|
| 999 |
f |
f |
|s c8acd7eb-9a01-3fad-927a-ec43548ffab7
|i 7eb3fcdb-8022-36e0-bf04-3f51edbade1d
|t 0
|
| 952 |
f |
f |
|p ric
|a Texas A&M University
|b Rellis Campus
|c Joint Library Facility
|d Remote Storage
|t 0
|e PS3523.O833 Z45 1987
|h Library of Congress classification
|i unmediated -- volume
|m A14814383865
|
| 998 |
f |
f |
|a PS3523.O833 Z45 1987
|t 0
|l Remote Storage
|